00460nam a22001577a 450000300070000000500170000700800410002402000230006504000090008808200170009710000290011424500770014325000120022026000430023230000270027533001020250719094052.0250719b sa ||||| |||| 00| 0 eng d a9780807750827qpbk c3228 a371.192 STRI aSTRIEB, Lynne. Yermanock aInviting Families Into The Classroom :bLearning From A Life In Teaching a1st Ed. aNew YorkbTeachers College Pressc2010 axvii, 213 pagesc22 cm